Public schools and British opinion, 1780-1860 (Record no. 373030)

000 -LEADER
fixed length control field 00410cam a22001337a 4500
008 - FIXED-LENGTH DATA ELEMENTS--GENERAL INFORMATION
fixed length control field 180718b1938 xxu||||| |||| 00| 0 eng d
082 ## - DEWEY DECIMAL CLASSIFICATION NUMBER
Classification number P45x42 M19
100 ## - MAIN ENTRY--PERSONAL NAME
Personal name Mack, Edward C.
245 ## - TITLE STATEMENT
Title Public schools and British opinion, 1780-1860
Statement of responsibility, etc. by Edward C. Mack
260 ## - PUBLICATION, DISTRIBUTION, ETC.
Place of publication, distribution, etc. London
Name of publisher, distributor, etc. Methuen
Date of publication, distribution, etc. 1938
300 ## - PHYSICAL DESCRIPTION
Extent 432p.
650 ## - SUBJECT ADDED ENTRY--TOPICAL TERM
Topical term or geographic name entry element Education --England --History
650 ## - SUBJECT ADDED ENTRY--TOPICAL TERM
Topical term or geographic name entry element Endowed public schools (Great Britain)
Holdings
Withdrawn status Lost status Damaged status Not for loan Permanent Location Current Location Date acquired Full call number Barcode Date last seen Price effective from Koha item type
        Indian Institute of Public Administration Indian Institute of Public Administration 1994-06-18 P45x42 M19 35828 2018-07-21 2018-07-21 Book

Powered by Koha